Estimating and cost control in plumbing design / (Record no. 3488)
[ view plain ]
| 000 -LEADER | |
|---|---|
| fixed length control field | 00798nac a22002171u 4500 |
| 010 ## - LIBRARY OF CONGRESS CONTROL NUMBER | |
| LC control number | 79009454 |
| 020 ## - INTERNATIONAL STANDARD BOOK NUMBER | |
| International Standard Book Number | 0442233477 |
| 082 00 - DEWEY DECIMAL CLASSIFICATION NUMBER | |
| Classification number | 696.1 |
| Item number | M6121 |
| 090 ## - LOCALLY ASSIGNED LC-TYPE CALL NUMBER (OCLC); LOCAL CALL NUMBER (OCLC) | |
| -- | 3488 |
| -- | 3488 |
| 100 ## - MAIN ENTRY--PERSONAL NAME | |
| Personal name | Miller, William Charle |
| 245 10 - TITLE STATEMENT | |
| Title | Estimating and cost control in plumbing design / |
| Statement of responsibility, etc | William C. Miller, Leonard Gallina. |
| 260 ## - PUBLICATION, DISTRIBUTION, ETC. (IMPRINT) | |
| Place of publication, distribution, etc | New York : |
| Name of publisher, distributor, etc | Van Nostrand Reinhold, |
| Date of publication, distribution, etc | c1980. |
| 300 ## - PHYSICAL DESCRIPTION | |
| Extent | xi, 158 p. : |
| Other physical details | ill. ; |
| Dimensions | 29 cm. |
| 500 ## - GENERAL NOTE | |
| General note | Donations. |
| 500 ## - GENERAL NOTE | |
| General note | Donations - Bibliotheca Alexandrina. |
| 504 ## - BIBLIOGRAPHY, ETC. NOTE | |
| Bibliography, etc | Includes bibliographical references and index. |
| 650 #0 - SUBJECT ADDED ENTRY--TOPICAL TERM | |
| Topical term or geographic name as entry element | Plumbing |
| General subdivision | Estimates. |
| 700 1# - ADDED ENTRY--PERSONAL NAME | |
| Personal name | Gallina, Leonard, |
| 942 ## - ADDED ENTRY ELEMENTS (KOHA) | |
| Item type | Book - Borrowing |
| Call number prefix | 696.1M6121 |
| Withdrawn status | Item status | Source of classification or shelving scheme | Damaged status | Not for loan | Home library | Current library | Shelving location | Date acquired | Source of acquisition | Total Checkouts | Full call number | Barcode | Date last seen | Koha item type |
|---|---|---|---|---|---|---|---|---|---|---|---|---|---|---|
| Dewey Decimal Classification | Central Library | Central Library | First floor | 19/04/2007 | Purchase | 696.1 MIL | 000030489 | 15/07/2025 | Book - Borrowing |